000 00342nam a2200145Ia 4500
008 090122s9999 xx 000 0 und d
082 _b8212
_aO111 : B
100 _aENID
_bBLYTON
245 _aTHE FAMOUS FIVE (17)
600 _aENID
630 _aTHE FAMOUS FIVE (17)
700 _aENID
730 _aTHE FAMOUS FIVE (17)
942 _cBOOK
999 _c32289
_d32289